000 01204cam a22002054a 4500
005 20250605164135.0
008 250528s ||||||||||||||||||||||||d
035 _a18728
020 _a882440292
040 _aGR-AtMCL
_bgre
_dGR-AtMCL
_eAACR2
245 1 _aCapital Investment Analysis / Using Discounted Cash Flows
260 _c1973
300 _a143
520 _aA comprehensive yet non-technical guide to the application of present value techniques in evaluating the profitability of proposed capital investments. Preface, Introduction, Major Steps in Evaluating Capital Expenditure Proposals, Commonly Used Measures of Investment Worth, Time Value of Money, Present Value of a Future Sum of Money, Financial Information Relevant to Evaluating Capital Investment-Cash-Flows, Discounted Cash Flow Measures of Investment Worth, Adjusting Cash Flows for Income Taxes, The Cost of Capital, Some Special Problems in Measuring Cash Flows in Analyzing Investments, Handling Uncertainty, Capital Rationing, Illustrative Problems, Summary and Conclusions, Appendices.
700 1 _aAplin RIchard D.
_94981
700 1 _aCasler George L
_94982
942 _cBK
999 _c4050
_d4050